Wood engineering and construction handbook / (Record no. 549102)
[ view plain ]
| 000 -LEADER | |
|---|---|
| fixed length control field | 00601cam a2200181 a 4500 |
| 020 ## - INTERNATIONAL STANDARD BOOK NUMBER | |
| International Standard Book Number | 0070220700 |
| 082 00 - DEWEY DECIMAL CLASSIFICATION NUMBER | |
| Classification number | 721.0448 |
| Author Mark | FAH |
| -- | N/L-01, P-100 |
| 245 00 - TITLE STATEMENT | |
| Title | Wood engineering and construction handbook / |
| Statement of responsibility, etc. | Keith F. Faherty, editor, Thomas G. Williamson, editor. |
| 250 ## - EDITION STATEMENT | |
| Edition statement | 3rd ed. |
| 260 ## - PUBLICATION, DISTRIBUTION, ETC. | |
| Place of publication, distribution, etc. | New York : |
| Name of publisher, distributor, etc. | McGraw Hill, |
| Date of publication, distribution, etc. | c1997. |
| 300 ## - PHYSICAL DESCRIPTION | |
| Extent | 1 v (various pagings) : |
| Other physical details | ill. ; |
| Dimensions | 24 cm. |
| 526 ## - STUDY PROGRAM INFORMATION NOTE | |
| Program name | 0 |
| Interest level | 0 |
| Reading level | 0 |
| Title point value | 721_044800000000000_FAH |
| 650 #0 - SUBJECT ADDED ENTRY--TOPICAL TERM | |
| Topical term or geographic name entry element | Building, Wooden. |
| 9 (RLIN) | 25296 |
| 650 #0 - SUBJECT ADDED ENTRY--TOPICAL TERM | |
| Topical term or geographic name entry element | MCE |
| 9 (RLIN) | 379 |
| 700 1# - ADDED ENTRY--PERSONAL NAME | |
| Personal name | Faherty, Keith F. |
| 9 (RLIN) | 45621 |
| 700 1# - ADDED ENTRY--PERSONAL NAME | |
| Personal name | Williamson, Thomas G. |
| 9 (RLIN) | 45622 |
| 942 ## - ADDED ENTRY ELEMENTS (KOHA) | |
| Source of classification or shelving scheme | |
| Koha item type | Book |
| Withdrawn status | Lost status | Source of classification or shelving scheme | Damaged status | Not for loan | Permanent Location | Current Location | Date acquired | Total Checkouts | Full call number | Barcode | Date last seen | Price effective from | Koha item type |
|---|---|---|---|---|---|---|---|---|---|---|---|---|---|
| Military College of Engineering (MCE) | Military College of Engineering (MCE) | 09/16/2014 | 721.0448 FAH | MCE-36655 | 09/16/2014 | 09/16/2014 | Book |
